لم أكن أعلم أن الباندا العملاق يأكل طوال النهار / (رقم التسجيلة. 20510)

تفاصيل مارك
000 -LEADER
fixed length control field 00720nam a22002177a 4500
005 - DATE AND TIME OF LATEST TRANSACTION
control field 20251108165032.0
008 - FIXED-LENGTH DATA ELEMENTS--GENERAL INFORMATION
fixed length control field 250721s2002 xx 000 0 ara d
020 ## - INTERNATIONAL STANDARD BOOK NUMBER
International Standard Book Number 9953160848
082 14 - DEWEY DECIMAL CLASSIFICATION NUMBER
Classification number ط/591/فيث
100 1# - MAIN ENTRY--PERSONAL NAME
Personal name فيتزسايموز، سيسيليا
Relator term مؤلف
245 10 - TITLE STATEMENT
Title لم أكن أعلم أن الباندا العملاق يأكل طوال النهار /
264 1# - PRODUCTION, PUBLICATION, DISTRIBUTION, MANUFACTURE, AND COPYRIGHT NOTICE
Place of production, publication, distribution, manufacture بيروت :
Name of producer, publisher, distributor, manufacturer دار المجاني،
Date of production, publication, distribution, manufacture, or copyright notice 2002.
300 ## - PHYSICAL DESCRIPTION
Extent 32ص.
490 0# - SERIES STATEMENT
Series statement لم أكن أعلم أن
650 17 - SUBJECT ADDED ENTRY--TOPICAL TERM
Topical term or geographic name as entry element الحيوانات
653 ## - INDEX TERM--UNCONTROLLED
Uncontrolled term الباندا
653 ## - INDEX TERM--UNCONTROLLED
Uncontrolled term ناشاون صغار (10-14) سنه
700 1# - ADDED ENTRY--PERSONAL NAME
Personal name عيسى، ديانا أبي عبود
Relator term مترجم
942 ## - ADDED ENTRY ELEMENTS (KOHA)
Source of classification or shelving scheme Dewey Decimal Classification
Koha item type كتب
المقتنيات
حالة السحب حالة الفقدان مصدر التصنيف حالة التلف غير قابل للإعارة المكتبة الرئيسية المكتبة الحالية موقع الرف تاريخ التزويد الرقم المتسلسل Total Checkouts رقم الإستدعاء الباركود تاريخ آخر ظهور تاريخ الفاتورة نوع المادة (كوها)
    Dewey Decimal Classification   Not For Loan المكتبة المركزية المكتبة المركزية مقتنيات قسم التزويد 28/07/2025 1276012   ط/591/فيث PLD00085827 28/07/2025 28/07/2025 كتب
    Dewey Decimal Classification     المكتبة المركزية المكتبة المركزية الأطفال 30/01/2012 1508516   ط/591/فيث PLD00238309 28/07/2025 30/01/2012 كتب
    Dewey Decimal Classification     مكتبة وادي السير العامة مكتبة وادي السير العامة الأطفال 03/05/2009 1276016   ط/591/فيث PLD00086045 28/07/2025 03/05/2009 كتب
    Dewey Decimal Classification     مكتبة ومركز فرح مكتبة ومركز فرح الأطفال 03/05/2009 1276013   ط/591/فيث PLD00086042 28/07/2025 03/05/2009 كتب
    Dewey Decimal Classification     مكتبةمؤتة مكتبةمؤتة الأطفال 03/05/2009 1276015   ط/591/فيث PLD00086044 28/07/2025 03/05/2009 كتب
Implemented & Customized by: BBB with SCIT (Smart Chains for Information Technology)

Powered by Koha